Louis de Funès de A à Z - Statistiques

Statistiques générales
  • Ce quiz a été pris 98 fois
  • Le résultat moyen est 16 sur 25
Statistiques - réponses
Hint Réponse % Correct
B : son partenaire dans "le corniaud" ou encore "La grande vadrouille" Bourvil
100%
E : Il en rencontre un dans "La soupe aux choux" et plusieurs dans un film de la série des gendarmes Extra-terrestre
94%
C nom de l'acteur qui joue son fils dans "L'aile ou la cuisse" Coluche
93%
H : Film qui évoque un homme congelé Hibernatus
90%
I : Pays où devait aller Antoine Maréchal comme tous les ans avant la destruction de sa 2 chevaux Italie
87%
F : Il joue le rôle du commissaire Juve dans ce film Fantomas
85%
P : instrument de musique qu'il pratiqua Piano
84%
U : vêtement qu'il porte notamment dans la série des gendarmes Uniforme
83%
A : nationalité des aviateurs qu'il aide dans "la grande vadrouille" Anglaise
79%
Q : nombre de films qu'il tourna avec Gérard Oury Quatre
74%
O : prénom de son fils qui tourna plusieurs fois avec lui Olivier
72%
R : film où sa danse sera reprise plus tard par Valérie Lemercier Rabbi Jacob
65%
Z : nom du réalisateur de "L'aile ou la cuisse", dans lequel il tourna Zidi
64%
V : l'un de ses partenaires dans : "La soupe aux choux" Villeret
60%
G : Nom de sa partenaire dans bon nombre de ses films Gensac
56%
M : Nom de son principal partenaire dans le film où il joue le commissaire Juve Marais
53%
W : nom d'un père et d'un fils acteurs avec lesquels il joua (Georges et Lambert) Wilson
53%
T : Nom de son ennemi dans "L'aile ou la cuisse" Tricatel
48%
J : Son nom dans "La traversée de Paris" Jambier
44%
D : nom de son personnage dans "La folie des grandeurs" Don Salluste
41%
S: nom de son rôle dans "Le corniaud" Saroyan
41%
Y : nom du diamant que l'on évoque dans "Le corniaud" Youkounkoun
40%
L : Nom de son personnage dans "La grande vadrouille" Lefort
22%
K : Film tiré d'une pièce de Jules Romains dans laquelle il joue Knock
20%
N : Film où il joue un braconnier Ni vu ni connu
20%
Aucun quiz correspondant
Distribution des résultats
% des personnes avec chaque résultat
Percentile par nombre de réponses
Votre historique - résultats
Vous n’avez pas pris ce quiz